Sustainability Through Business Innovation (Record no. 43607)
[ view plain ]
| 000 -LEADER | |
|---|---|
| fixed length control field | 00533nam a22001817a 4500 |
| 005 - DATE AND TIME OF LATEST TRANSACTION | |
| control field | 20250407130256.0 |
| 008 - FIXED-LENGTH DATA ELEMENTS--GENERAL INFORMATION | |
| fixed length control field | 250407b |||||||| |||| 00| 0 eng d |
| 020 ## - INTERNATIONAL STANDARD BOOK NUMBER | |
| International Standard Book Number | 9789356408982 |
| 041 ## - LANGUAGE CODE | |
| Language code of text/sound track or separate title | eng |
| 082 ## - DEWEY DECIMAL CLASSIFICATION NUMBER | |
| Classification number | 658.408 SIN |
| 100 ## - MAIN ENTRY--PERSONAL NAME | |
| Author | Singh, D. B. |
| 245 ## - TITLE STATEMENT | |
| Title | Sustainability Through Business Innovation |
| 260 ## - PUBLICATION, DISTRIBUTION, ETC. | |
| Place | New Delhi |
| Publisher | Bloomsbury |
| Publication Year | 2024 |
| 300 ## - PHYSICAL DESCRIPTION | |
| Extent | 280;. pages: 24 cm |
| 650 ## - SUBJECT ADDED ENTRY--TOPICAL TERM | |
| Subject | Sustainability Management; Corporate Social Responsibility |
| 700 ## - ADDED ENTRY--PERSONAL NAME | |
| Co-Author | Pandey, Priyanka, Panth, Gargi and Other |
| 942 ## - ADDED ENTRY ELEMENTS (KOHA) | |
| Koha item type | Books |
| Withdrawn status | Lost status | Source of classification or shelving scheme | Damaged status | Not for loan | Home library | Current library | Shelving location | Accession Date | Vendor | Price | Bill number | Total Checkouts | Full call number | Barcode No | Date last seen | Date last checked out | Discount | Bill Date | Koha item type | Suggested By |
|---|---|---|---|---|---|---|---|---|---|---|---|---|---|---|---|---|---|---|---|---|
| Dewey Decimal Classification | IMTN | IMTN | Rack 31-B | 03/27/2025 | Raghav Books Private Limited | 1099.00 | 2374 | 1 | 658.408 SIN | 33857 | 11/16/2025 | 05/15/2025 | 30 | 02/14/2025 | Books | Dr. Mantha Raghu (Head Librarian) |